La Leyenda de los Montes Pirenaicos /
Descripción Física:
Il·lustracions
Colección:
San Jorge,
; núm. 20 (octubre 1955), pàg. 62-68
Otros Autores:
Planell, Carles, 1927-
Materias:
Llegendes -- Pirineus
Idioma:
Español
MARC
| LEADER | 00000naa a2200000 a 4500 | ||
|---|---|---|---|
| 003 | Arxiu | ||
| 005 | 20260324181033.0 | ||
| 008 | 160829s1955 spcaxx s spa c | ||
| 040 | |a AGDB | ||
| 100 | 1 | |a Vilardaga Pujol, José Ma. |q (José Maria), |d 1886-1967 |9 29685 | |
| 245 | 1 | 3 | |a La Leyenda de los Montes Pirenaicos / |c por José M.ª Vilardaga, diputado provincial |
| 300 | |b Il·lustracions | ||
| 490 | |a San Jorge, |v núm. 20 (octubre 1955), pàg. 62-68 | ||
| 500 | |a Il·lustracions: Carlos Planell | ||
| 650 | 0 | |a Llegendes |9 55625 |z Pirineus | |
| 700 | 1 | |9 33827 |a Planell, Carles, |d 1927- |e il·lustrador | |
| 773 | |g Núm. 20 (octubre 1955), pàg. 62-68 |t San Jorge. | ||
| 901 | |a Arxiu | ||
| 942 | |n 1 |2 udc |c ART | ||
| 952 | |0 0 |1 0 |4 0 |6 REV510 |7 1 |9 65286 |a Arxiu |b Arxiu |d 2023-02-14 |l 0 |o Rev-510 |r 2023-02-14 00:00:00 |w 2023-02-14 |y ARXIU |z També disponible a Rev-524 | ||
| 999 | |c 48085 |d 48085 | ||